El perfil de la asistente ejecutiva (Registro nro. 4518)
[ vista simple ]
| 000 -CABECERA | |
|---|---|
| campo de control de longitud fija | 00875aam a2200325 4500 |
| 005 - FECHA Y HORA DE ACTUALIZACIÓN | |
| campo de control | 20161121152518.0 |
| 008 - LONGITUD FIJA | |
| campo de control de longitud fija | 150413b xxu||||| |||| 00| 0 spa d |
| 041 ## - IDIOMA | |
| Código de idioma del texto/pista de sonido o título separado | |
| 082 ## - CLASIFICACIÓN DECIMAL DEWEY | |
| Número de clasificación | 651.374 D671p |
| 100 ## - AUTOR PERSONAL | |
| Nombre de persona | Domínguez, Thalía |
| 245 ## - TÍTULO PROPIAMENTE DICHO | |
| Título | El perfil de la asistente ejecutiva |
| 260 ## - PIE DE IMPRENTA | |
| Lugar de publicación, distribución, etc. | Mexico |
| 260 ## - PIE DE IMPRENTA | |
| Nombre del editor, distribuidor, etc. | McGraw-Hill |
| 260 ## - PIE DE IMPRENTA | |
| Fecha de publicación, distribución, etc. | 2001 |
| 300 ## - DESCRIPCIÓN FÍSICA | |
| Extensión | 140 páginas |
| 650 ## - Materia General | |
| Materia general | TECNICAS SECRETARIALES |
| 650 ## - Materia General | |
| Materia general | RELACIONES HUMANAS |
| 650 ## - Materia General | |
| Materia general | SECRETARIAS |
| 650 ## - Materia General | |
| Materia general | AUTOESTIMA |
| 650 ## - Materia General | |
| Materia general | VALORES |
| 650 ## - Materia General | |
| Materia general | IMAGEN PERSONAL |
| 650 ## - Materia General | |
| Materia general | ETIQUETA |
| 650 ## - Materia General | |
| Materia general | TECNICAS SECRETARIALES |
| 650 ## - Materia General | |
| Materia general | ARCHIVONOMIA |
| 650 ## - Materia General | |
| Materia general | AGENDA |
| 650 ## - Materia General | |
| Materia general | EQUIPO DE OFICINA |
| 650 ## - Materia General | |
| Materia general | MAQUINA DE ESCRIBIR |
| 650 ## - Materia General | |
| Materia general | ARCHIVOS |
| 942 ## - Punto de Acceso Adicional Koha | |
| Tipo de ítem Koha | Libro |
| Estado perdido | Estado dañado | No para préstamo | Biblioteca permanente | Biblioteca actual | Signatura completa | Código de barras | Precio efectivo a partir del | Tipo de ítem |
|---|---|---|---|---|---|---|---|---|
| Departamento de Biblioteca y Documentación Alfonso Chase Brenes | Departamento de Biblioteca y Documentación Alfonso Chase Brenes | 651.374 D671p | 8912 | 10/03/2016 | Libro | |||
| Departamento de Biblioteca y Documentación Alfonso Chase Brenes | Departamento de Biblioteca y Documentación Alfonso Chase Brenes | 651.374 D671p | 8913 | 10/03/2016 | Libro | |||
| Departamento de Biblioteca y Documentación Alfonso Chase Brenes | Departamento de Biblioteca y Documentación Alfonso Chase Brenes | 651.374 D671p | 8914 | 10/03/2016 | Libro | |||
| Departamento de Biblioteca y Documentación Alfonso Chase Brenes | Departamento de Biblioteca y Documentación Alfonso Chase Brenes | 651.374 D671p | 8915 | 10/03/2016 | Libro |